000 00270as aa2200097a 44500
090 _aSERIADAS
_b01003
245 1 0 _aTrends in Microbiology: Virulence, Infection and Pathogenesis
260 _bElsevier Trends Journals
_aEstados Unidos
041 0 _aInglés
942 _cREVISTA
999 _c17158
_d17158